[Event "8th ITLukavac 2019"]
[Site "Lukavac, hotel Lukavac"]
[Date "2019.11.24"]
[Round "4"]
[Board "24"]
[White "Zivkovic, Milenko"]
[Black "Ozkurt, Kutay"]
[Result "0-1"]
[WhiteElo "1971"]
[BlackElo "1708"]
[PlyCount "118"]
[EventDate "2019.11.22"]
[EventRounds "7"]
[EventCountry "BIH"]

1. d4 d5 2. e4 dxe4 3. Nc3 Nf6 4. Bg5 Nbd7 5. Qe2 h6 6. Bxf6 Nxf6 7. O-O-O c6
8. d5 cxd5 9. Nxd5 Nxd5 10. Qb5+ Bd7 11. Qxd5 Bc6 12. Qh5 Qc7 13. f3 g6 14. Qc5
Bg7 15. Bb5 O-O 16. Bxc6 bxc6 17. fxe4 Rfb8 18. b3 Rb5 19. Qe3 Qa5 20. Kb1 Rab8
21. Nf3 Qa3 22. e5 Ra5 23. Qc3 Qxa2+ 24. Kc1 Qa3+ 25. Kb1 Rc5 26. Qb2 Qxb2+ 27.
Kxb2 Bxe5+ 28. Nxe5 Rxe5 29. Rd7 a5 30. Ra1 Rbb5 31. Rd2 Rbd5 32. Rf2 Kg7 33.
Ra4 g5 34. h4 f5 35. g4 f4 36. hxg5 hxg5 37. Rc4 Rc5 38. Rd4 Re3 39. Rg2 Kg6
40. Rd8 Rcc3 41. Rg8+ Kf6 42. Rf8+ Kg7 43. Rf5 Kg6 44. Rd2 Rg3 45. Rxa5 Rce3
46. Rc5 Re6 47. Rd8 Rxg4 48. Rg8+ Kf6 49. Rf8+ Kg7 50. Rff5 Kg6 51. Rf8 Rf6 52.
Rg8+ Kh6 53. Rh8+ Kg7 54. Rh5 Kg6 55. Rh1 f3 56. Ra5 f2 57. Rf1 Rg1 58. Raa1
Rxf1 59. Rxf1 g4  0-1

[Event "8th ITLukavac 2019"]
[Site "Lukavac, hotel Lukavac"]
[Date "2019.11.24"]
[Round "4"]
[Board "25"]
[White "Kustura, Hajrudin"]
[Black "Mesic, Ismet"]
[Result "0-1"]
[WhiteElo "1706"]
[BlackElo "1964"]
[PlyCount "78"]
[EventDate "2019.11.22"]
[EventRounds "7"]
[EventCountry "BIH"]

1. e4 c6 2. d4 d5 3. Nc3 dxe4 4. Nxe4 Bf5 5. Ng3 Bg6 6. Nf3 Nf6 7. Bd3 e6 8.
Bg5 Be7 9. Bxg6 hxg6 10. Qd2 a5 11. a3 b5 12. c3 Nbd7 13. O-O O-O 14. Rad1 Nb6
15. Ne5 Qc7 16. Qe2 Rfd8 17. Rfe1 Bd6 18. Bxf6 gxf6 19. Ng4 f5 20. Ne5 Bxe5 21.
Qxe5 Qxe5 22. Rxe5 Rd5 23. Rxd5 cxd5 24. f4 Nc4 25. Rb1 Rb8 26. Kf2 b4 27. axb4
axb4 28. Ne2 bxc3 29. Nxc3 Nd2 30. Rd1 Rxb2 31. Ke1 Nc4 32. Ne2 Ne3 33. Rd3
Nxg2+ 34. Kf1 Rxe2 35. Kxe2 Nxf4+ 36. Ke3 Nxd3 37. Kxd3 f6 38. Ke3 e5 39. Kd3
Kh7  0-1

[Event "8th ITLukavac 2019"]
[Site "Lukavac, hotel Lukavac"]
[Date "2019.11.24"]
[Round "4"]
[Board "27"]
[White "Sabic, Muris"]
[Black "Hamzic, Adil"]
[Result "1/2-1/2"]
[WhiteElo "1941"]
[BlackElo "1701"]
[PlyCount "116"]
[EventDate "2019.11.22"]
[EventRounds "7"]
[EventCountry "BIH"]

1. e4 c5 2. Nf3 d6 3. d4 cxd4 4. Nxd4 Nf6 5. Nc3 a6 6. Be2 e6 7. Be3 Be7 8. g4
e5 9. Nf5 Bxf5 10. gxf5 Qa5 11. Qd2 b5 12. Nd5 Qxd2+ 13. Bxd2 Nxd5 14. exd5 Nd7
15. Ba5 Rc8 16. O-O-O Nf6 17. Bb6 O-O 18. Rhg1 Rb8 19. Be3 a5 20. Rg2 Kh8 21.
h4 h6 22. h5 b4 23. f4 e4 24. Bd4 a4 25. b3 axb3 26. axb3 Kh7 27. Rdg1 Rg8 28.
Kb2 Ra8 29. Rg3 Ra5 30. Bb6 Rxd5 31. Bc4 Bf8 32. Bxd5 Nxd5 33. Bd4 Nxf4 34. Re1
d5 35. Rg4 Bd6 36. f6 Ne6 37. c3 Nxd4 38. cxd4 gxf6 39. Rxg8 Kxg8 40. Rf1 Kf8
41. Rxf6 Ke7 42. Rxh6 Bf4 43. Ra6 Be3 44. h6 Bxd4+ 45. Kc2 f5 46. h7 f4 47. Ra8
Ke6 48. h8=Q Bxh8 49. Rxh8 Ke5 50. Rb8 Kd4 51. Rxb4+ Ke3 52. Ra4 f3 53. b4 f2
54. Ra1 Ke2 55. b5 f1=Q 56. Rxf1 Kxf1 57. b6 e3 58. b7 e2  1/2-1/2

[Event "8th ITLukavac 2019"]
[Site "Lukavac, hotel Lukavac"]
[Date "2019.11.24"]
[Round "4"]
[Board "28"]
[White "Mahmutovic, Edin"]
[Black "Selimovic, Amir"]
[Result "0-1"]
[WhiteElo "1611"]
[BlackElo "1958"]
[PlyCount "98"]
[EventDate "2019.11.22"]
[EventRounds "7"]
[EventCountry "BIH"]

1. f4 e6 2. d4 d5 3. Nf3 c5 4. c3 Nc6 5. e3 Nf6 6. Bd3 Bd6 7. O-O Qc7 8. Ne5
Bd7 9. Nd2 c4 10. Bc2 b5 11. Nxd7 Nxd7 12. Nf3 h6 13. Ne5 Ne7 14. Bd2 O-O 15.
Qg4 f5 16. Qg3 Nf6 17. b3 a5 18. bxc4 bxc4 19. a4 Rfb8 20. Rfb1 Rxb1+ 21. Rxb1
Rb8 22. Qe1 Rxb1 23. Qxb1 Qb8 24. Qa2 Qb7 25. h3 Ne4 26. Bxe4 fxe4 27. Ng4 Nf5
28. Nf2 Qb3 29. Qa1 Qc2 30. Bc1 Ng3 31. Bb2 Ne2+ 32. Kh2 Nxf4 33. exf4 Qxf2 34.
Kh1 Qxf4 35. Qg1 Qd2 36. Bc1 Qxc3 37. Be3 Bg3 38. Bf2 Bf4 39. Be1 Qc1 40. Bxa5
Qxg1+ 41. Kxg1 Be3+ 42. Kf1 Bxd4 43. Ke2 Kf7 44. Bc7 Ke7 45. a5 Kd7 46. Bf4 Kc6
47. a6 Kb6 48. Be3 Bxe3 49. Kxe3 Kxa6  0-1

[Event "8th ITLukavac 2019"]
[Site "Lukavac, hotel Lukavac"]
[Date "2019.11.24"]
[Round "4"]
[Board "29"]
[White "Smajic, Ervin"]
[Black "Hasanovic, Mustafa"]
[Result "1-0"]
[WhiteElo "1553"]
[BlackElo "1833"]
[PlyCount "103"]
[EventDate "2019.11.22"]
[EventRounds "7"]
[EventCountry "BIH"]

1. Nf3 Nf6 2. g3 g6 3. Bg2 Bg7 4. O-O O-O 5. d4 d6 6. Nbd2 c6 7. b3 Na6 8. Bb2
Nc7 9. c4 e6 10. Qc2 b6 11. Rfe1 Bb7 12. e4 Nd7 13. Rac1 Re8 14. Ba3 Nf8 15. e5
d5 16. Bd6 Rc8 17. c5 Nb5 18. a4 Nxd6 19. cxd6 c5 20. dxc5 bxc5 21. Qd3 Nd7 22.
Bh3 Qb6 23. Qe3 h6 24. Qc3 a5 25. Qc2 Qb4 26. Qc3 Qxc3 27. Rxc3 d4 28. Rcc1 Bd5
29. Bf1 Bc6 30. Bc4 Rb8 31. Ne4 Rec8 32. Ba6 Rd8 33. Bc4 g5 34. h3 Rb4 35. Ned2
Rdb8 36. Ne4 Kf8 37. g4 Bxe5 38. Nxc5 Bxd6 39. Nxd4 Ne5 40. Rxe5 Be8 41. Ncxe6+
fxe6 42. Rxe6 Bf4 43. Rce1 R4b6 44. Rxb6 Rxb6 45. Ne6+ Rxe6 46. Rxe6 h5 47. Ra6
Bd2 48. Ra8 Ke7 49. Kf1 h4 50. Ke2 Bb4 51. Ra6 Bd7 52. Rg6  1-0

[Event "8th ITLukavac 2019"]
[Site "Lukavac, hotel Lukavac"]
[Date "2019.11.24"]
[Round "4"]
[Board "30"]
[White "Lazic, Emanuel"]
[Black "Manic, Mujo"]
[Result "0-1"]
[WhiteElo "1549"]
[BlackElo "1820"]
[PlyCount "76"]
[EventDate "2019.11.22"]
[EventRounds "7"]
[EventCountry "BIH"]

1. e4 c5 2. Nf3 e6 3. d4 cxd4 4. Nxd4 a6 5. c4 Qc7 6. Nc3 Nf6 7. Be2 Bb4 8. Qd3
Bxc3+ 9. bxc3 O-O 10. O-O Qe5 11. f3 Nc6 12. Be3 Qc7 13. Nxc6 bxc6 14. c5 Rd8
15. Rab1 d5 16. cxd6 Rxd6 17. Qc4 e5 18. Rb2 Be6 19. Qa4 c5 20. Rfb1 Nd7 21.
Rb7 Qc8 22. a3 h6 23. Qa5 Rc6 24. Bd1 Rb8 25. Rxb8 Nxb8 26. Ba4 Rc7 27. Qb6 Nc6
28. Qxc5 Nd4 29. Qxe5 Ne2+ 30. Kh1 Kh7 31. Re1 Rxc3 32. Rxe2 Rxe3 33. Qb2 Rxe2
34. Qxe2 Qc1+ 35. Qd1 Qxa3 36. Kg1 Bc4 37. Qc2 Qe3+ 38. Qf2 Qc1+  0-1

[Event "8th ITLukavac 2019"]
[Site "Lukavac, hotel Lukavac"]
[Date "2019.11.24"]
[Round "4"]
[Board "31"]
[White "Markovic, Rade A"]
[Black "Skula, Lejla"]
[Result "1-0"]
[WhiteElo "1803"]
[BlackElo "1543"]
[PlyCount "45"]
[EventDate "2019.11.22"]
[EventRounds "7"]
[EventCountry "BIH"]

1. e4 e5 2. Nf3 Nc6 3. Bc4 Bc5 4. b4 Bxb4 5. c3 Bc5 6. d4 exd4 7. O-O d6 8.
cxd4 Bb6 9. h3 h6 10. Nc3 Nf6 11. Ba3 Ba5 12. e5 Bxc3 13. exf6 Qxf6 14. Rc1
Bxd4 15. Bb5 Bb2 16. Rxc6 Bxa3 17. Rxd6+ c6 18. Rxf6 gxf6 19. Bxc6+ bxc6 20.
Qa4 O-O 21. Qxa3 Be6 22. Nd4 Bd7 23. Qd6  1-0

[Event "8th ITLukavac 2019"]
[Site "Lukavac, hotel Lukavac"]
[Date "2019.11.24"]
[Round "4"]
[Board "32"]
[White "Pavicic, Karlo"]
[Black "Colpa, Husein"]
[Result "0-1"]
[WhiteElo "1535"]
[BlackElo "1798"]
[PlyCount "100"]
[EventDate "2019.11.22"]
[EventRounds "7"]
[EventCountry "BIH"]

1. e4 c5 2. Nf3 e6 3. d4 cxd4 4. Nxd4 a6 5. Nc3 b5 6. a3 Bb7 7. Bd3 Nc6 8. Be3
Nf6 9. Nxc6 dxc6 10. f3 c5 11. Be2 Qc7 12. Kf2 Be7 13. Na2 h6 14. c4 b4 15.
axb4 cxb4 16. Nxb4 O-O 17. Na2 Rfd8 18. Qc2 Bd6 19. g3 Bc5 20. b4 Bxe3+ 21.
Kxe3 Qe5 22. Bd3 Rd7 23. Qc3 Qg5+ 24. Ke2 Rad8 25. Rad1 Qh5 26. Qc2 Qh3 27. Kf2
Qh5 28. Nc3 g5 29. h4 g4 30. f4 Ne8 31. Rhe1 a5 32. e5 axb4 33. Na2 Bf3 34. Be2
Ng7 35. Rxd7 Rxd7 36. Rd1 b3 37. Qxb3 Rxd1 38. Qxd1 Bxe2 39. Qxe2 Qf5 40. Nc3
f6 41. exf6 Qxf6 42. Qe5 Qd8 43. Qe2 Qd4+ 44. Qe3 Qxc4 45. Ne4 Nf5 46. Qe2 Qd4+
47. Ke1 h5 48. Ng5 Qc3+ 49. Kf2 Qxg3+ 50. Kf1 Ne3+  0-1

[Event "8th ITLukavac 2019"]
[Site "Lukavac, hotel Lukavac"]
[Date "2019.11.24"]
[Round "4"]
[Board "33"]
[White "Miftari, Hedon"]
[Black "Music, Edin"]
[Result "0-1"]
[WhiteElo "1771"]
[BlackElo "1479"]
[PlyCount "60"]
[EventDate "2019.11.22"]
[EventRounds "7"]
[EventCountry "BIH"]

1. e4 c5 2. Nf3 d6 3. d4 cxd4 4. Nxd4 Nf6 5. Nc3 a6 6. Be2 e5 7. Nb3 Be6 8. O-O
Be7 9. Be3 Nbd7 10. Bf3 O-O 11. Qe2 Rc8 12. Rfd1 Qc7 13. a4 Nc5 14. Nxc5 dxc5
15. Nd5 Bxd5 16. exd5 Bd6 17. g3 Nd7 18. Bg2 Rce8 19. c4 f5 20. Bd2 Nf6 21. Bg5
Qf7 22. Bxf6 Qxf6 23. f3 h5 24. h3 e4 25. fxe4 fxe4 26. Rf1 Qe5 27. Rxf8+ Rxf8
28. Ra3 Qd4+ 29. Kh1 Rf2 30. Qxe4 Rf1+  0-1

[Event "8th ITLukavac 2019"]
[Site "Lukavac, hotel Lukavac"]
[Date "2019.11.24"]
[Round "4"]
[Board "34"]
[White "Hrncic, Amer"]
[Black "Mujcinovic, Muharem"]
[Result "0-1"]
[WhiteElo "1458"]
[BlackElo "1770"]
[PlyCount "64"]
[EventDate "2019.11.22"]
[EventRounds "7"]
[EventCountry "BIH"]

1. d4 d5 2. Nf3 Nf6 3. c4 e6 4. Nc3 Be7 5. Bf4 O-O 6. h3 h6 7. e3 c5 8. Nb5 Na6
9. Be2 Ne8 10. O-O Nac7 11. Nxc7 Nxc7 12. Rc1 b6 13. Ne5 Bb7 14. Nd3 dxc4 15.
Rxc4 b5 16. Rc2 c4 17. Ne5 Nd5 18. Bg3 Nb4 19. Rd2 Nxa2 20. b3 Nc3 21. Qe1
Nxe2+ 22. Qxe2 c3 23. Rc2 b4 24. Qb5 Qd5 25. Qxd5 Bxd5 26. Ra1 Bxb3 27. Rcc1
Rfc8 28. Rab1 Ba2 29. Ra1 b3 30. Re1 Ba3 31. Nd3 c2 32. Rf1 Rc3  0-1

[Event "8th ITLukavac 2019"]
[Site "Lukavac, hotel Lukavac"]
[Date "2019.11.24"]
[Round "4"]
[Board "36"]
[White "Babajic, Ehlimana"]
[Black "Yurdakul, Didem Nuray"]
[Result "0-1"]
[WhiteElo "1247"]
[BlackElo "1756"]
[PlyCount "76"]
[EventDate "2019.11.22"]
[EventRounds "7"]
[EventCountry "BIH"]

1. Nf3 d5 2. d4 Nf6 3. Bf4 c5 4. Nc3 Nc6 5. Nb5 Qa5+ 6. Nc3 Bf5 7. e3 Ne4 8.
dxc5 Nxc3 9. Qd2 Ne4 10. Qxa5 Nxa5 11. b4 Nc4 12. Bxc4 dxc4 13. Nd4 Bd7 14. f3
Nc3 15. O-O e6 16. e4 Be7 17. Bd2 Nb5 18. c3 Rd8 19. a4 Nxd4 20. cxd4 O-O 21.
Rfc1 f5 22. e5 Bc6 23. Rxc4 Bd5 24. Rcc1 g5 25. Kf2 h5 26. a5 Bc6 27. Bc3 a6
28. Ke1 g4 29. Kf2 f4 30. Rg1 Bh4+ 31. Ke2 Kh7 32. h3 gxh3 33. gxh3 Rf5 34. Rg2
Bb5+ 35. Kd2 Rxe5 36. Rag1 Bg3 37. Rd1 Re3 38. Kc2 Ba4+  0-1

[Event "8th ITLukavac 2019"]
[Site "Lukavac, hotel Lukavac"]
[Date "2019.11.24"]
[Round "4"]
[Board "38"]
[White "Unuvar, Kaan"]
[Black "Sajin, Mirko"]
[Result "0-1"]
[WhiteElo "1144"]
[BlackElo "1679"]
[PlyCount "56"]
[EventDate "2019.11.22"]
[EventRounds "7"]
[EventCountry "BIH"]

1. e4 c5 2. c3 e6 3. Nf3 d5 4. exd5 exd5 5. d4 Nc6 6. Be2 Nf6 7. Bg5 Be7 8.
Nbd2 cxd4 9. cxd4 Bf5 10. O-O O-O 11. Qb3 Na5 12. Qa4 a6 13. Qd1 Nc4 14. Qb3
Qd6 15. Rac1 b5 16. Rfe1 Rfe8 17. Nf1 Be4 18. N1d2 Ng4 19. Bxe7 Rxe7 20. g3 h5
21. Bf1 Rae8 22. Red1 Na5 23. Qc3 Nc4 24. Nxc4 dxc4 25. Bg2 Bd5 26. Re1 Re2 27.
Rxe2 Rxe2 28. Rc2 b4  0-1

[Event "8th ITLukavac 2019"]
[Site "Lukavac, hotel Lukavac"]
[Date "2019.11.24"]
[Round "4"]
[Board "39"]
[White "Osmic, Enis"]
[Black "Lapo, Safet"]
[Result "0-1"]
[WhiteElo "1552"]
[BlackElo "1760"]
[PlyCount "103"]
[EventDate "2019.11.22"]
[EventRounds "7"]
[EventCountry "BIH"]

1. e4 c6 2. d4 d5 3. e5 Bf5 4. Nf3 e6 5. Bd3 Bxd3 6. Qxd3 Nd7 7. O-O Qc7 8. h3
h6 9. Bd2 c5 10. c3 a6 11. Nh2 g6 12. Be3 Bg7 13. Nd2 Ne7 14. Rac1 b5 15. b3 c4
16. Qb1 O-O 17. Ndf3 Rfb8 18. Rfe1 a5 19. Ng4 Nf5 20. Bd2 Qd8 21. Ne3 Nh4 22.
Nxh4 Qxh4 23. Ng4 Kh7 24. Nh2 Qe7 25. Nf3 Rh8 26. Qc2 f5 27. exf6 Nxf6 28. Ne5
Ne4 29. f3 Bxe5 30. fxe4 Bg3 31. Rf1 Rhf8 32. Rxf8 Rxf8 33. Be1 Qh4 34. Bxg3
Qxg3 35. exd5 Qe3+ 36. Kh1 Rf2 37. Qd1 Qg3 38. Qg1 exd5 39. bxc4 bxc4 40. Rf1
Rf5 41. Rxf5 gxf5 42. Qf1 Qd3 43. Qc1 Kg6 44. Kh2 Qe4 45. Qd2 f4 46. Qd1 h5 47.
a4 Qe3 48. Qb1+ Kg5 49. Qa1 Kh4 50. Qf1 Qg3+ 51. Kh1 f3 52. Qg1  0-1

[Event "8th ITLukavac 2019"]
[Site "Lukavac, hotel Lukavac"]
[Date "2019.11.24"]
[Round "4"]
[Board "40"]
[White "Huremovic, Fadil"]
[Black "Muratovic, Adnan"]
[Result "0-1"]
[WhiteElo "1795"]
[BlackElo "1613"]
[PlyCount "121"]
[EventDate "2019.11.22"]
[EventRounds "7"]
[EventCountry "BIH"]

1. e4 e5 2. Nf3 Nf6 3. Nc3 Bb4 4. d3 Nc6 5. Bd2 O-O 6. Be2 d6 7. h3 Be6 8. O-O
Qd7 9. Ng5 Rad8 10. a3 Bxc3 11. Bxc3 h6 12. Nxe6 fxe6 13. Bg4 Nxg4 14. Qxg4 Rf4
15. Qe2 Rdf8 16. Bd2 Nd4 17. Qd1 R4f6 18. c3 Nc6 19. Be3 Qf7 20. Qe2 a6 21.
Rad1 Ne7 22. d4 exd4 23. cxd4 g5 24. g4 Rf3 25. Kg2 Ng6 26. Rh1 Nh4+ 27. Kf1
Qg6 28. Qd3 Qf6 29. Rh2 Rg3 30. Ke2 Qf3+ 31. Kd2 Rxh3 32. Rxh3 Qxh3 33. Qc4
Nf3+ 34. Kc1 Qxg4 35. Rh1 h5 36. Qxc7 h4 37. Kb1 Qxe4+ 38. Ka1 Nxd4 39. Rg1
Nc2+ 40. Ka2 Qd5+ 41. Kb1 Nxe3 42. fxe3 Rf7 43. Qd8+ Kh7 44. Ka1 h3 45. e4 h2
46. Rh1 Qe5 47. Qe8 Kg7 48. Qa4 Qg3 49. Qd4+ e5 50. Qb6 g4 51. Rc1 Qg2 52. Qxd6
h1=Q 53. Qxe5+ Kg6 54. Qe6+ Rf6 55. Qg8+ Kh5 56. Qh7+ Rh6 57. Qf5+ Kh4 58. Rb1
Qxb1+ 59. Kxb1 Qh1+ 60. Ka2 Qf3 61. Qe5  0-1

[Event "8th ITLukavac 2019"]
[Site "Lukavac, hotel Lukavac"]
[Date "2019.11.24"]
[Round "4"]
[Board "41"]
[White "Djuric, Anastasija"]
[Black "Mrkovic, Nikola"]
[Result "0-1"]
[WhiteElo "1078"]
[BlackElo "1555"]
[PlyCount "134"]
[EventDate "2019.11.22"]
[EventRounds "7"]
[EventCountry "BIH"]

1. d4 d5 2. Nc3 Bf5 3. Bf4 c6 4. Nf3 e6 5. e3 Bd6 6. Bg3 Nf6 7. Bd3 Bxd3 8.
Qxd3 h6 9. Bxd6 Qxd6 10. h3 Nbd7 11. O-O O-O 12. Rfe1 e5 13. dxe5 Nxe5 14. Nxe5
Qxe5 15. Qd4 Rfe8 16. Rad1 b6 17. Qxe5 Rxe5 18. a3 Rae8 19. Kf1 Kf8 20. a4 Ne4
21. Nxe4 Rxe4 22. Rd4 Rxd4 23. exd4 Rxe1+ 24. Kxe1 Ke7 25. Kd2 Ke6 26. Ke3 c5
27. dxc5 bxc5 28. g4 a5 29. f4 f5 30. b3 g5 31. c3 fxg4 32. hxg4 gxf4+ 33. Kxf4
Kd6 34. Kf5 d4 35. cxd4 cxd4 36. Ke4 Kc5 37. Kd3 Kb4 38. Kxd4 Kxb3 39. Ke5 Kxa4
40. Kf6 Kb4 41. Kg6 a4 42. Kxh6 a3 43. g5 a2 44. g6 a1=Q 45. g7 Qh1+ 46. Kg6
Qg2+ 47. Kh7 Qh3+ 48. Kg6 Qg4+ 49. Kh6 Qh4+ 50. Kg6 Qd8 51. Kf7 Qd7+ 52. Kg6
Qe8+ 53. Kh7 Qh5+ 54. Kg8 Qe8+ 55. Kh7 Qh5+ 56. Kg8 Kc5 57. Kf8 Qf5+ 58. Ke7
Qg6 59. Kf8 Qf6+ 60. Kg8 Kd6 61. Kh7 Qh4+ 62. Kg8 Qd8+ 63. Kh7 Qe7 64. Kg6 Qe8+
65. Kh7 Qh5+ 66. Kg8 Ke6 67. Kf8 Qf7#  0-1

[Event "8th ITLukavac 2019"]
[Site "Lukavac, hotel Lukavac"]
[Date "2019.11.24"]
[Round "5"]
[Board "2"]
[White "Djuric, Zoran"]
[Black "Mujacic, Haris"]
[Result "1-0"]
[WhiteElo "2192"]
[BlackElo "2025"]
[PlyCount "111"]
[EventDate "2019.11.22"]
[EventRounds "7"]
[EventCountry "BIH"]

1. e4 e5 2. Nf3 Nc6 3. Bc4 Bc5 4. c3 Nf6 5. d3 d6 6. b4 Bb6 7. a4 a6 8. a5 Ba7
9. Qb3 Qe7 10. Nbd2 O-O 11. Nf1 Be6 12. Bg5 h6 13. Bxf6 Qxf6 14. Ng3 Kh7 15. h3
Rad8 16. Nh5 Qe7 17. g4 g6 18. Ng3 Qf6 19. Qd1 Qf4 20. Ke2 d5 21. exd5 Bxd5 22.
Bxd5 Rxd5 23. Qc1 Rfd8 24. Rd1 Qf6 25. Ne4 Qe7 26. Qc2 f5 27. gxf5 gxf5 28. Ng3
Qf6 29. Rd2 R5d7 30. Rg1 Qf7 31. Kf1 Qe6 32. d4 e4 33. Nh4 Ne7 34. Re2 Qf6 35.
Rxe4 Kh8 36. Nh5 Qf7 37. Rxe7 Rxe7 38. Ng6+ Kh7 39. Nxe7 Qxh5 40. Nxf5 Qxh3+
41. Ke2 Qh5+ 42. Kd2 Kh8 43. Ne7 Qh2 44. Ng6+ Kg7 45. Re1 Qxf2+ 46. Re2 Qf6 47.
Ne5 c5 48. Rg2+ Kh8 49. Ng6+ Kg7 50. Qe4 cxd4 51. Qxb7+ Kg8 52. c4 Bb8 53. Ne5+
Kf8 54. Qh7 Qf4+ 55. Kc2 d3+ 56. Kb3  1-0

[Event "8th ITLukavac 2019"]
[Site "Lukavac, hotel Lukavac"]
[Date "2019.11.24"]
[Round "5"]
[Board "3"]
[White "Onur, Cigdem"]
[Black "Sestic, Nermin"]
[Result "1-0"]
[WhiteElo "1940"]
[BlackElo "2105"]
[PlyCount "65"]
[EventDate "2019.11.22"]
[EventRounds "7"]
[EventCountry "BIH"]

1. e4 e6 2. d4 d5 3. Nd2 c5 4. Ngf3 Nf6 5. e5 Nfd7 6. c3 Nc6 7. Bd3 cxd4 8.
cxd4 Qb6 9. O-O Nxd4 10. Nxd4 Qxd4 11. Nf3 Qb6 12. Qa4 Qb4 13. Qc2 h6 14. Bd2
Qb6 15. Rac1 Be7 16. Qa4 a6 17. Rc2 Qd8 18. Qg4 Kf8 19. Rfc1 b6 20. b4 Bb7 21.
Qh5 Rc8 22. Nd4 Rxc2 23. Rxc2 b5 24. Bg6 Qb6 25. Be3 Bg5 26. Bxf7 Bxe3 27. fxe3
Ke7 28. Bxe6 Rf8 29. Qg6 Nxe5 30. Qxg7+ Nf7 31. Nf5+ Ke8 32. Qf6 Qd8 33. Ng7#
 1-0

[Event "8th ITLukavac 2019"]
[Site "Lukavac, hotel Lukavac"]
[Date "2019.11.24"]
[Round "5"]
[Board "4"]
[White "Muratovic, Efim"]
[Black "Zenelaj, Samuel"]
[Result "1-0"]
[WhiteElo "2398"]
[BlackElo "2132"]
[PlyCount "75"]
[EventDate "2019.11.22"]
[EventRounds "7"]
[EventCountry "BIH"]

1. d4 Nf6 2. c4 g6 3. Nc3 Bg7 4. e4 d6 5. h3 O-O 6. Nf3 e5 7. dxe5 dxe5 8. Bg5
Nbd7 9. Qc2 c6 10. Be2 Qc7 11. O-O Re8 12. Rfd1 Nh5 13. g3 Nf8 14. Bf1 Ne6 15.
Be3 Bd7 16. c5 Rad8 17. b4 Bc8 18. Ne2 Rf8 19. Rxd8 Rxd8 20. Rd1 Bf6 21. Rxd8+
Qxd8 22. Qd2 Nhg7 23. Qxd8+ Nxd8 24. Bd2 Nde6 25. Bc3 a5 26. a3 axb4 27. axb4
Ng5 28. Nxg5 Bxg5 29. Bxe5 Bd2 30. Bc3 Bxc3 31. Nxc3 Ne6 32. f4 Nd4 33. Kf2 Bd7
34. g4 Nc2 35. Na2 f6 36. Bd3 Nd4 37. Ke3 Ne6 38. Bc4  1-0

[Event "8th ITLukavac 2019"]
[Site "Lukavac, hotel Lukavac"]
[Date "2019.11.24"]
[Round "5"]
[Board "5"]
[White "Obad, Andrija"]
[Black "Bojo, Leon"]
[Result "0-1"]
[WhiteElo "2321"]
[BlackElo "2119"]
[PlyCount "90"]
[EventDate "2019.11.22"]
[EventRounds "7"]
[EventCountry "BIH"]

1. e4 c6 2. d4 d5 3. Nd2 dxe4 4. Nxe4 Bf5 5. Ng3 Bg6 6. Nh3 e6 7. Nf4 Bd6 8. h4
Qc7 9. Nxg6 hxg6 10. Ne4 Nf6 11. Nxd6+ Qxd6 12. c3 Nbd7 13. Qb3 O-O-O 14. Qa4
Kb8 15. Bg5 Nb6 16. Qb3 Rd7 17. Bd3 e5 18. O-O-O exd4 19. Bc4 Nxc4 20. Rxd4 Qe6
21. Qxc4 Qxc4 22. Rxc4 Re8 23. Bxf6 gxf6 24. Rd1 Rxd1+ 25. Kxd1 f5 26. Kd2 Kc7
27. Rd4 Re6 28. g3 Re7 29. Rd3 Re6 30. Re3 Kd6 31. f3 Rxe3 32. Kxe3 Ke5 33. Kd3
b5 34. b3 c5 35. a3 a5 36. a4 bxa4 37. bxa4 Kd5 38. g4 f4 39. c4+ Ke5 40. h5
gxh5 41. gxh5 f5 42. Ke2 Kf6 43. Kf2 Kg5 44. Kg2 Kxh5 45. Kh3 Kg5  0-1

[Event "8th ITLukavac 2019"]
[Site "Lukavac, hotel Lukavac"]
[Date "2019.11.24"]
[Round "5"]
[Board "6"]
[White "Katkic, Amel"]
[Black "Trkulja, Goran"]
[Result "0-1"]
[WhiteElo "2105"]
[BlackElo "2298"]
[PlyCount "50"]
[EventDate "2019.11.22"]
[EventRounds "7"]
[EventCountry "BIH"]

1. d4 c5 2. c3 d5 3. Nf3 Nc6 4. e3 e6 5. Bb5 a6 6. Bxc6+ bxc6 7. O-O Bd6 8.
Nbd2 Nf6 9. Re1 O-O 10. e4 Be7 11. e5 Nd7 12. Nb3 a5 13. Be3 cxd4 14. cxd4 a4
15. Nbd2 c5 16. b3 Ba6 17. dxc5 Nxc5 18. Bxc5 Bxc5 19. bxa4 Qb6 20. Rf1 Bxf1
21. Qxf1 Rxa4 22. Nb3 Rfa8 23. Rc1 Be7 24. g3 Rxa2 25. Nbd4 Bc5  0-1

[Event "8th ITLukavac 2019"]
[Site "Lukavac, hotel Lukavac"]
[Date "2019.11.24"]
[Round "5"]
[Board "7"]
[White "Mrndjic, Muamer"]
[Black "Tonkovic, Robert"]
[Result "1-0"]
[WhiteElo "2224"]
[BlackElo "2118"]
[PlyCount "101"]
[EventDate "2019.11.22"]
[EventRounds "7"]
[EventCountry "BIH"]

1. Nc3 c5 2. Nf3 g6 3. e4 Bg7 4. d4 cxd4 5. Nxd4 Nc6 6. Be3 Nf6 7. Nxc6 bxc6 8.
e5 Ng8 9. f4 Nh6 10. Bc4 O-O 11. Qf3 d6 12. exd6 exd6 13. Bb3 d5 14. h3 Nf5 15.
O-O-O Nxe3 16. Qxe3 Qa5 17. Qf3 Rb8 18. g4 d4 19. Ne4 Be6 20. Kb1 Bd5 21. Qd3
Rfe8 22. Rhe1 Re7 23. Nd2 Rbe8 24. Rxe7 Rxe7 25. Bxd5 Qxd5 26. Nc4 c5 27. f5
Qe4 28. fxg6 hxg6 29. a4 Bh6 30. Rf1 Kg7 31. Ka2 Qd5 32. b3 Qg2 33. Kb1 Re2 34.
Rd1 Bg5 35. Nd6 Bf4 36. Nc4 Qf2 37. h4 Qg2 38. b4 Re6 39. bxc5 Qb7+ 40. Ka2 Be3
41. c3 dxc3 42. Qxc3+ Kh7 43. Nxe3 Re4 44. Rd4 Re6 45. Rd8 f6 46. Qd3 Re7 47.
Nd5 Rf7 48. Nxf6+ Kg7 49. Ne8+ Kh7 50. Nf6+ Kg7 51. g5  1-0

[Event "8th ITLukavac 2019"]
[Site "Lukavac, hotel Lukavac"]
[Date "2019.11.24"]
[Round "5"]
[Board "8"]
[White "Stavnjak, Lazar"]
[Black "Coric, Ahmed"]
[Result "0-1"]
[WhiteElo "2207"]
[BlackElo "2104"]
[PlyCount "78"]
[EventDate "2019.11.22"]
[EventRounds "7"]
[EventCountry "BIH"]

1. e4 c5 2. Nf3 d6 3. d4 cxd4 4. Nxd4 Nf6 5. Nc3 a6 6. Bc4 e6 7. Bb3 Be7 8. Be3
Nc6 9. O-O Bd7 10. f4 Qc7 11. Qf3 Nxd4 12. Bxd4 Bc6 13. f5 e5 14. Be3 b5 15. a3
Qb7 16. Bd5 Rc8 17. Bxc6+ Rxc6 18. Bg5 Rxc3 19. bxc3 Qxe4 20. Qd3 Qc6 21. Bxf6
Bxf6 22. Rad1 Ke7 23. Qd5 Rc8 24. Rf3 Qxd5 25. Rxd5 e4 26. Re3 Rc4 27. Kf1 Kd7
28. Ke2 Kc6 29. Rd1 d5 30. Rh3 Rxc3 31. Rxc3+ Bxc3 32. Rb1 Kc5 33. g4 a5 34. h4
a4 35. g5 b4 36. axb4+ Kb5 37. Rd1 d4 38. h5 g6 39. fxg6 fxg6  0-1

[Event "8th ITLukavac 2019"]
[Site "Lukavac, hotel Lukavac"]
[Date "2019.11.24"]
[Round "5"]
[Board "9"]
[White "Aleksic, Neven"]
[Black "Savic, Petar A"]
[Result "1-0"]
[WhiteElo "2182"]
[BlackElo "2099"]
[PlyCount "111"]
[EventDate "2019.11.22"]
[EventRounds "7"]
[EventCountry "BIH"]

1. d4 Nf6 2. c4 d6 3. Nc3 Nbd7 4. e4 e5 5. Nf3 Be7 6. Be2 c6 7. O-O O-O 8. Bg5
Re8 9. Qd2 Qc7 10. Rfd1 Nf8 11. d5 c5 12. a3 h6 13. Bh4 Ng6 14. Bg3 Bf8 15. Ne1
a6 16. Rab1 Bd7 17. b4 b6 18. Rdc1 Reb8 19. f3 Nh5 20. Bf2 Nhf4 21. Bf1 Qd8 22.
Be3 Be7 23. Rb2 a5 24. bxc5 bxc5 25. Rcb1 Rxb2 26. Qxb2 f5 27. g3 Nh5 28. Qb6
Qf8 29. Qc7 Nf6 30. Bd3 f4 31. Bf2 Rc8 32. Qa7 Ra8 33. Qb7 fxg3 34. hxg3 Re8
35. Bc2 h5 36. Ne2 Qf7 37. Qc7 a4 38. Ng2 Rf8 39. Ne3 h4 40. Nf5 hxg3 41. Bxg3
Bxf5 42. exf5 Nf4 43. Bxf4 exf4 44. Nxf4 Ne8 45. Qa7 Bg5 46. Qxf7+ Rxf7 47. Ng6
Be3+ 48. Kg2 Rd7 49. Re1 Rb7 50. Rxe3 Nf6 51. Bxa4 Kf7 52. Rb3 Ra7 53. Bc6 Nh5
54. Rb7+ Rxb7 55. Bxb7 Kf6 56. Bc8  1-0